Verejná správa v minulosti a dnes. 4

Ďalšie závažné úlohy, ktoré treba splniť v rámci celkovej reformy verejnej správy. Preloženie navrhovaných zákonov o konštituovaní vyšších územných samosprávnych celkov a prenose právomocí z orgánov miestnej štátnej správy na orgány miestnej samosprávy. Vzťahy medzi vyšším územným celkom a orgánmi š...

Descripción completa

Guardado en:
Detalles Bibliográficos
Autor principal: Volko, V.
Formato: Capítulo de libro
Lenguaje:eslovaco
Materias:
Etiquetas: Agregar Etiqueta
Sin Etiquetas, Sea el primero en etiquetar este registro!

MARC

LEADER 00000naa a2200000 4500
001 r028150
005 20230825080442.4
041 0 |a slo 
044 |a SK 
245 1 0 |a Verejná správa v minulosti a dnes. 4  |c V. Volko 
520 |a Ďalšie závažné úlohy, ktoré treba splniť v rámci celkovej reformy verejnej správy. Preloženie navrhovaných zákonov o konštituovaní vyšších územných samosprávnych celkov a prenose právomocí z orgánov miestnej štátnej správy na orgány miestnej samosprávy. Vzťahy medzi vyšším územným celkom a orgánmi štátu a obcami. 
610 2 0 |a správa verejná 
610 2 0 |a Slovensko 
610 2 0 |a reformy 
610 2 0 |a zákonodarstvo 
610 2 0 |a samospráva 
610 2 0 |a orgány štátne 
610 2 0 |a kompetencie 
610 2 0 |a správa štátna 
610 2 0 |a vyššie územné celky 
100 1 |a Volko, V.